LEADER 02620oas 2200973 a 450 001 9910143348603321 005 20250921213016.0 011 $a2325-811X 035 $a(DE-599)ZDB2067161-1 035 $a(OCoLC)50529929 035 $a(CONSER) 2005237234 035 $a(CKB)954925452868 035 $a(EXLCZ)99954925452868 100 $a20020903a19479999 uy a 101 0 $aeng 135 $aurbnu|||||||| 181 $ctxt$2rdacontent 182 $cc$2rdamedia 183 $acr$2rdacarrier 200 10$aWestern folklore 210 $aBerkeley, Calif. $cUniversity of California Press$d1947- 300 $aRefereed/Peer-reviewed 300 $aTitle from title screen (JSTOR, viewed Sept. 14, 2005). 300 $aPublished by: California Folklore Society, July 1976- 311 08$a0043-373X 606 $aFolklore$vPeriodicals 606 $aFolklore$zWest (U.S.)$vPeriodicals 606 $aManners and customs$vPeriodicals 606 $aFolklore$3(CaQQLa)201-0043432$vPe?riodiques$3(CaQQLa)201-0378307 606 $aM?urs et coutumes$3(CaQQLa)201-0015206$vPe?riodiques$3(CaQQLa)201-0378307 606 $aFolklore$2fast$3(OCoLC)fst00930306 606 $aManners and customs$2fast$3(OCoLC)fst01007815 606 $aFolklore$2thub 607 $aWest (U.S.)$xSocial life and customs$vPeriodicals 607 $aWest United States$2fast 607 $aEstats Units d'Amèrica$2thub 608 $aperiodicals.$2aat 608 $aPeriodicals.$2fast 608 $aPeriodicals.$2lcgft 608 $aPe?riodiques.$2rvmgf 608 $aRevistes electròniques.$2thub 615 0$aFolklore 615 0$aFolklore 615 0$aManners and customs 615 6$aFolklore 615 6$aM?urs et coutumes 615 7$aFolklore. 615 7$aManners and customs. 615 7$aFolklore. 676 $a398/.05 712 02$aCalifornia Folklore Society 801 0$bFHM 801 1$bFHM 801 2$bOCLCQ 801 2$bEYM 801 2$bHUL 801 2$bNSD 801 2$bOCLCQ 801 2$bDLC 801 2$bOCLCF 801 2$bOCLCO 801 2$bOCLCQ 801 2$bDEBBG 801 2$bOCLCO 801 2$bGILDS 801 2$bOCLCO 801 2$bAU@ 801 2$bVT2 801 2$bNJT 801 2$bOCL 801 2$bOCLCQ 801 2$bUAB 801 2$bNTG 801 2$bOCLCE 801 2$bSRU 801 2$bVLY 801 2$bUKUAL 801 2$bBWN 801 2$bYWS 801 2$bOCLCL 906 $aJOURNAL 912 $a9910143348603321 996 $aWestern folklore$92272026 997 $aUNINA